|
|
|
|
| LEADER |
00000nam0a2200000 4500 |
| 001 |
289881 |
| 005 |
20231102000229.0 |
| 035 |
|
|
|a (RuTPU)RU\TPU\book\314402
|
| 090 |
|
|
|a 289881
|
| 100 |
|
|
|a 20150403d1983 k y0rusy50 ca
|
| 101 |
0 |
|
|a rus
|
| 102 |
|
|
|a EE
|
| 105 |
|
|
|a a az 001zy
|
| 200 |
1 |
|
|a Радиоуглеродные исследования в Прибалтийских республиках и Белорусской ССР
|e [сборник]
|e [аннотированный библиографический указатель]
|f Академия наук Эстонской ССР (АН ЭССР), Институт геологии
|
| 210 |
|
|
|a Таллин
|c Академия наук ЭССР
|d 1983
|
| 215 |
|
|
|a 165 с.
|c ил.
|
| 320 |
|
|
|a Авторский указатель: с. 157-165
|
| 606 |
1 |
|
|a Радиологическое датирование
|2 stltpush
|3 (RuTPU)RU\TPU\subj\22754
|9 47456
|
| 606 |
1 |
|
|a Библиографические пособия
|x По геологии
|2 stltpush
|3 (RuTPU)RU\TPU\subj\28563
|9 52081
|
| 610 |
1 |
|
|a Прибалтика
|
| 610 |
1 |
|
|a Белоруссия
|
| 610 |
1 |
|
|a радиоуглеродный метод
|
| 610 |
1 |
|
|a сцинтилляционный метод
|
| 610 |
1 |
|
|a изотопная геология
|
| 610 |
1 |
|
|a геологическая история
|
| 610 |
1 |
|
|a исследование
|
| 675 |
|
|
|a 550.93(01)
|v 4
|
| 686 |
|
|
|a Я19:55
|v LBC/SL-A
|2 rubbk
|
| 712 |
0 |
2 |
|a Академия наук Эстонской ССР (АН ЭССР)
|b Институт геологии
|c (Таллин)
|2 stltpush
|3 (RuTPU)RU\TPU\col\19211
|
| 801 |
|
1 |
|a RU
|b 63413507
|c 20150403
|
| 801 |
|
2 |
|a RU
|b 63413507
|c 20181121
|g RCR
|
| 942 |
|
|
|c BK
|